000 00569nam a2200229Ia 4500
003 OSt
005 20240104120359.0
008 210210b2011 xxu||||| |||| 00| 0 eng d
020 _a9788181478085
040 _cAL
041 _aeng
082 _a660.28449 STAP
100 _aSTANBURY (Peter F)
_9147306
245 _aPrinciples of fermentation technology
250 _a2
260 _aAmsterdam
_bElseveir
_c2011
300 _axviii,357
690 _aChemical Technology
_9147307
700 _aWHITAKER (Allan)
_9147308
906 _a067371
942 _2ddc
_cBK
999 _c149694
_d149694